<?xml version="1.0" encoding="UTF-8"?>
<record
    xmlns:xsi="http://www.w3.org/2001/XMLSchema-instance"
    xsi:schemaLocation="http://www.loc.gov/MARC21/slim http://www.loc.gov/standards/marcxml/schema/MARC21slim.xsd"
    xmlns="http://www.loc.gov/MARC21/slim">

  <leader>00478nam a22001697a 4500</leader>
  <datafield tag="999" ind1=" " ind2=" ">
    <subfield code="c">64190</subfield>
    <subfield code="d">64190</subfield>
  </datafield>
  <controlfield tag="005">20260430124456.0</controlfield>
  <controlfield tag="008">260430s1994    enk||||| |||| 00| 0 eng d</controlfield>
  <datafield tag="020" ind1=" " ind2=" ">
    <subfield code="a">0894648381x</subfield>
  </datafield>
  <datafield tag="041" ind1=" " ind2=" ">
    <subfield code="a">eng</subfield>
  </datafield>
  <datafield tag="080" ind1=" " ind2=" ">
    <subfield code="a">628.1 P-90</subfield>
  </datafield>
  <datafield tag="100" ind1=" " ind2=" ">
    <subfield code="a">Prasifka, David W.</subfield>
    <subfield code="9">27398</subfield>
  </datafield>
  <datafield tag="245" ind1=" " ind2=" ">
    <subfield code="a"> Water-supply  Planning /</subfield>
    <subfield code="c"> David W., Prasifka.</subfield>
  </datafield>
  <datafield tag="264" ind1=" " ind2=" ">
    <subfield code="a">Florida, </subfield>
    <subfield code="c">1994</subfield>
  </datafield>
  <datafield tag="300" ind1=" " ind2=" ">
    <subfield code="a">268 p.;</subfield>
    <subfield code="b">23 cm.</subfield>
  </datafield>
  <datafield tag="653" ind1=" " ind2=" ">
    <subfield code="a">&#x10EC;&#x10E7;&#x10D0;&#x10DA;&#x10DB;&#x10DD;&#x10DB;&#x10D0;&#x10E0;&#x10D0;&#x10D2;&#x10D4;&#x10D1;&#x10D0;</subfield>
  </datafield>
  <datafield tag="942" ind1=" " ind2=" ">
    <subfield code="2">udc</subfield>
    <subfield code="c">&#x1CAC;&#x1C98;&#x1C92;&#x1C9C;&#x1C98;</subfield>
  </datafield>
  <datafield tag="952" ind1=" " ind2=" ">
    <subfield code="0">0</subfield>
    <subfield code="1">0</subfield>
    <subfield code="2">udc</subfield>
    <subfield code="4">0</subfield>
    <subfield code="6">6281_P90</subfield>
    <subfield code="7">0</subfield>
    <subfield code="9">106139</subfield>
    <subfield code="a">CPL</subfield>
    <subfield code="b">CPL</subfield>
    <subfield code="c">GEN</subfield>
    <subfield code="d">2026-04-30</subfield>
    <subfield code="g">20.00</subfield>
    <subfield code="o">628.1 P-90</subfield>
    <subfield code="p">74432</subfield>
    <subfield code="r">2026-04-30</subfield>
    <subfield code="t">74432</subfield>
    <subfield code="w">2026-04-30</subfield>
    <subfield code="y">&#x1CAC;&#x1C98;&#x1C92;&#x1C9C;&#x1C98;</subfield>
    <subfield code="z">20 &#x10DA;..</subfield>
  </datafield>
  <datafield tag="952" ind1=" " ind2=" ">
    <subfield code="0">0</subfield>
    <subfield code="1">0</subfield>
    <subfield code="2">udc</subfield>
    <subfield code="4">0</subfield>
    <subfield code="6">6281_P90</subfield>
    <subfield code="7">0</subfield>
    <subfield code="9">106140</subfield>
    <subfield code="a">CPL</subfield>
    <subfield code="b">CPL</subfield>
    <subfield code="c">GEN</subfield>
    <subfield code="d">2026-04-30</subfield>
    <subfield code="g">20.00</subfield>
    <subfield code="o">628.1 P-90</subfield>
    <subfield code="p">74433</subfield>
    <subfield code="r">2026-04-30</subfield>
    <subfield code="t">74433</subfield>
    <subfield code="w">2026-04-30</subfield>
    <subfield code="y">&#x1CAC;&#x1C98;&#x1C92;&#x1C9C;&#x1C98;</subfield>
    <subfield code="z">20 &#x10DA;..</subfield>
  </datafield>
  <datafield tag="952" ind1=" " ind2=" ">
    <subfield code="0">0</subfield>
    <subfield code="1">0</subfield>
    <subfield code="2">udc</subfield>
    <subfield code="4">0</subfield>
    <subfield code="6">6281_P90</subfield>
    <subfield code="7">0</subfield>
    <subfield code="9">106141</subfield>
    <subfield code="a">CPL</subfield>
    <subfield code="b">CPL</subfield>
    <subfield code="c">GEN</subfield>
    <subfield code="d">2026-04-30</subfield>
    <subfield code="g">20.00</subfield>
    <subfield code="o">628.1 P-90</subfield>
    <subfield code="p">74434</subfield>
    <subfield code="r">2026-04-30</subfield>
    <subfield code="t">74434</subfield>
    <subfield code="w">2026-04-30</subfield>
    <subfield code="y">&#x1CAC;&#x1C98;&#x1C92;&#x1C9C;&#x1C98;</subfield>
    <subfield code="z">20 &#x10DA;..</subfield>
  </datafield>
  <datafield tag="952" ind1=" " ind2=" ">
    <subfield code="0">0</subfield>
    <subfield code="1">0</subfield>
    <subfield code="2">udc</subfield>
    <subfield code="4">0</subfield>
    <subfield code="6">6281_P90</subfield>
    <subfield code="7">0</subfield>
    <subfield code="9">106142</subfield>
    <subfield code="a">CPL</subfield>
    <subfield code="b">CPL</subfield>
    <subfield code="c">GEN</subfield>
    <subfield code="d">2026-04-30</subfield>
    <subfield code="g">20.00</subfield>
    <subfield code="o">628.1 P-90</subfield>
    <subfield code="p">74435</subfield>
    <subfield code="r">2026-04-30</subfield>
    <subfield code="t">74435</subfield>
    <subfield code="w">2026-04-30</subfield>
    <subfield code="y">&#x1CAC;&#x1C98;&#x1C92;&#x1C9C;&#x1C98;</subfield>
    <subfield code="z">20 &#x10DA;..</subfield>
  </datafield>
  <datafield tag="952" ind1=" " ind2=" ">
    <subfield code="0">0</subfield>
    <subfield code="1">0</subfield>
    <subfield code="2">udc</subfield>
    <subfield code="4">0</subfield>
    <subfield code="6">6281_P90</subfield>
    <subfield code="7">0</subfield>
    <subfield code="9">106143</subfield>
    <subfield code="a">CPL</subfield>
    <subfield code="b">CPL</subfield>
    <subfield code="c">GEN</subfield>
    <subfield code="d">2026-04-30</subfield>
    <subfield code="g">20.00</subfield>
    <subfield code="o">628.1 P-90</subfield>
    <subfield code="p">74436</subfield>
    <subfield code="r">2026-04-30</subfield>
    <subfield code="t">74436</subfield>
    <subfield code="w">2026-04-30</subfield>
    <subfield code="y">&#x1CAC;&#x1C98;&#x1C92;&#x1C9C;&#x1C98;</subfield>
    <subfield code="z">20 &#x10DA;..</subfield>
  </datafield>
</record>
